00321cam a22001097a 4500008004000000082001900040100001600059245005700075260004200132300000900174650002800183180718b1957 xxu||||| |||| 00| 0 eng d aU60028x42 Si53 aSimon, Lord aThe boards of nationalized industriescby Lord Simon aLondonbLongmans, Green and Co.c1957 a54p. aNationalized industries